000 00800nam a2200205Ii 4500
003 JO-AjNU
008 230605s9999||||xx |||||||||||||| ||und||
017 _a2003/9/1818
040 _aJO-AjNU
_bara
_erda
_cJO-AjNU
041 _aara
050 1 4 _aDS154.16.U6 2003
100 3 _aالبشتاوي، عماد رفعت,
_eauthor
_916193
245 0 0 _aالعلاقات الأردنية الأمريكية 1946-1967 م
264 3 1 _aاربد: مؤسسة حمادة للدراسات الجامعية والنشر والتوزيع، 2003
300 _a253ص
336 _atext
_btxt
_2rdacontent
337 _aunmediated
_bn
_2rdamedia
338 _avolume
_bnc
_2rdacarrier
650 4 _aالعلاقات الدولية- الاردن الولايات المتحدة الامريكيةا1946- م1967
_916194
999 _aA4745
_c8313
_d8313